00646cam a22002171 4500001001300000003000400013005001700017008004100034010001700075035002000092040003300112042001200145050001800157100003100175245004500206260005300251300002500304440003600329504004800365999001500413af 48003854 DLC20260227110904.0840413s1947 gw c b 000 1 ger c aaf 48003854  a(OCoLC)10626001 aYale Univ. LibrarycNhDdDLC apremarc00aPT2638.N3bT71 aSchnack, Friedrich,d1888-14aDie Traube;bGedichte und Erzählungen. a[Bad Wörishofen]bDrei-Säulen-Verlagc[1947] a79 p.bport.c18 cm. 4aDas Kleine Säulenbuch,vBd. 4 a"Das Werk von Friedrich Schnack": p. 77-79. c5796d5796